[Event "38th Olympiad w"]
[Site "Dresden GER"]
[Date "2008.11.20"]
[Round "7"]
[White "Alaa el Din,Y"]
[Black "Sabure,O"]
[Result "0-1"]
[WhiteElo "1959"]
[BlackElo "1641"]
[EventDate "2008.11.13"]

1. e4 e5 2. Nf3 d6 3. Bc4 Be7 4. c3 Nf6 5. d3 O-O 6. Nbd2 Nbd7 7. Qe2 h6 8.
h3 a6 9. Bb3 Nh5 10. Nf1 Nc5 11. Bc2 f5 12. g3 fxe4 13. dxe4 Nf6 14. g4 Kf7
15. g5 Ng8 16. h4 Ke8 17. Rg1 Ne6 18. N1h2 Nf4 19. Bxf4 exf4 20. Bb3 Bh3
21. Nd4 Qd7 22. Qh5+ Kd8 23. Ne6+ Bxe6 24. Bc2 hxg5 25. hxg5 c6 26. Nf3 Kc7
27. O-O-O Qe8 28. Qh4 Qf7 29. b3 Nh6 30. Rh1 Rh8 31. Nd4 Ng4 32. Nxe6+ Qxe6
33. Qxh8 Rxh8 34. Rxh8 Bxg5 35. Rg1 f3+ 36. Kb2 Bh6 37. Rf8 Ne5 38. Rh1 Qg6
39. Rf5 Qg2 40. Rfh5 Qxf2 41. R5h2 Qe3 42. Rh3 Nd3+ 43. Bxd3 Qxd3 44. R1h2
Qd1 0-1

[Event "38th Olympiad w"]
[Site "Dresden GER"]
[Date "2008.11.20"]
[Round "7"]
[White "Maeckelberg,M"]
[Black "Hamza,A"]
[Result "1-0"]
[WhiteElo "1959"]
[BlackElo "1880"]
[EventDate "2008.11.13"]

1. e4 e6 2. d4 d5 3. Nd2 Nf6 4. e5 Nfd7 5. Bd3 c5 6. c3 Nc6 7. Ne2 Qb6 8.
Nf3 f6 9. exf6 Nxf6 10. O-O Bd6 11. Re1 O-O 12. h3 Bd7 13. b3 cxd4 14. cxd4
e5 15. dxe5 Nxe5 16. Nxe5 Bxe5 17. Be3 Qd8 18. Rc1 Bc6 19. Nd4 Bxd4 20.
Bxd4 Ne4 21. Qg4 Qg5 22. Qxg5 Nxg5 23. Re7 Rf7 24. Rce1 a6 25. f3 g6 26.
R7e5 Rf4 27. Bb2 Nf7 28. Re7 Rd8 29. Kf2 Nd6 30. Rg7+ Kf8 31. Rxh7 Re8 32.
Rxe8+ Nxe8 33. Bxg6 Nf6 34. Rf7+ Kg8 35. Rxf6 Rb4 36. Rf7 1-0

[Event "38th Olympiad w"]
[Site "Dresden GER"]
[Date "2008.11.20"]
[Round "7"]
[White "Nekrasova,E"]
[Black "Elfelo,K"]
[Result "1-0"]
[WhiteElo "2091"]
[BlackElo "1875"]
[EventDate "2008.11.13"]

1. e4 c5 2. Nf3 d6 3. d4 cxd4 4. Nxd4 Nf6 5. Nc3 g6 6. Be2 Bg7 7. O-O O-O
8. Bg5 Nc6 9. Nb3 Be6 10. Kh1 Re8 11. f4 Qb6 12. Bf3 Kh8 13. Re1 Qf2 14.
Nd5 Rac8 15. Rf1 Qxf1+ 16. Qxf1 Ng8 17. c3 f6 18. Bh4 f5 19. Re1 a6 20. Nd2
Bf6 21. Nxf6 Nxf6 22. exf5 Bxf5 23. Bxc6 Rxc6 24. Bxf6+ Kg8 25. Qf2 Rc7 26.
Qh4 e6 27. Nf3 b5 28. Nd4 Rf7 29. Nxf5 gxf5 30. Qg5+ Kf8 31. Qh6+ Kg8 32.
Re3 a5 33. Rg3+ 1-0

[Event "38th Olympiad w"]
[Site "Dresden GER"]
[Date "2008.11.20"]
[Round "7"]
[White "You Garam"]
[Black "Uchida,N"]
[Result "0-1"]
[WhiteElo "1511"]
[BlackElo "1822"]
[EventDate "2008.11.13"]

1. e4 e5 2. Nf3 Nc6 3. Bc4 Nf6 4. d3 Bc5 5. c3 d6 6. Bb3 h6 7. Nbd2 O-O 8.
O-O Be6 9. Bc2 d5 10. Re1 dxe4 11. Nxe4 Nxe4 12. dxe4 Qf6 13. Qe2 Rad8 14.
Kh1 Bg4 15. h3 Bxf3 16. gxf3 Qh4 17. Kh2 Bxf2 18. Rg1 Bxg1+ 19. Kxg1 Qxh3
20. Be3 Rd6 0-1